La contratación cafetera en Costa Rica y el Convenio Internacional del Café /
Legislación cafetalera en Costa Rica y el convenio internacional del café. Examina la relación productor - beneficiador, beneficiador - exportador y exportador - casa extranjera. Estudia el convenio internacional de café, las particularidades jurídicas de este, las disposiciones generales, las relat...
Đã lưu trong:
| Tác giả chính: | |
|---|---|
| Định dạng: | Luận văn |
| Được phát hành: |
San José:
Universidad de Costa Rica
|
| Những chủ đề: | |
| Các nhãn: |
Thêm thẻ
Không có thẻ, Là người đầu tiên thẻ bản ghi này!
|
MARC
| LEADER | 00000 a a2200000 04500 | ||
|---|---|---|---|
| 001 | 20160 | ||
| 003 | |||
| 040 | |||
| 090 | |a 08317.00 | ||
| 100 | |a Echeverría Zeledón, José Rafael | ||
| 245 | |a La contratación cafetera en Costa Rica y el Convenio Internacional del Café / |c José Rafael Echeverría Zeledón | ||
| 260 | |a San José: |b Universidad de Costa Rica | ||
| 300 | |a 164 páginas | ||
| 502 | |a Tesis (Licenciado en Derecho) -- Universidad de Costa Rica. Facultad de Derecho, 1972 | ||
| 520 | |a Legislación cafetalera en Costa Rica y el convenio internacional del café. Examina la relación productor - beneficiador, beneficiador - exportador y exportador - casa extranjera. Estudia el convenio internacional de café, las particularidades jurídicas de este, las disposiciones generales, las relativas a exportaciones, producción, consumo y otras. Analiza la posición de Costa Rica en el convenio internacional./ACM | ||
| 650 | |a CAFE | ||
| 650 | |a CONVENIOS COMERCIALES | ||
| 650 | |a LEGISLACION | ||
| 999 | |c 18044 |d 18044 | ||
